Kernel Methods for Pattern Analysis
Guardado en:
| Autores principales: | , |
|---|---|
| Formato: | Libro |
| Lenguaje: | inglés |
| Publicado: |
Cambridge :
Cambridge University Press,
2005
|
| Materias: | |
| Etiquetas: |
Sin Etiquetas, Sea el primero en etiquetar este registro!
|
MARC
| LEADER | 00000nam a22000003a 4500 | ||
|---|---|---|---|
| 001 | stu114958 | ||
| 005 | 20150617225842.9 | ||
| 008 | 060322s2005----uk------------------eng-d | ||
| 020 | |a 0-521-81397-2 | ||
| 040 | |a STU |b slo | ||
| 041 | 0 | |a eng | |
| 044 | |a uk | ||
| 080 | |a 681.324.066 | ||
| 100 | 1 | |a Shawe-Taylor, John |4 aut | |
| 245 | 1 | |a Kernel Methods for Pattern Analysis | |
| 260 | |a Cambridge : |b Cambridge University Press, |c 2005 | ||
| 300 | |a 462 s | ||
| 650 | 7 | |a Machine learning |2 estusub | |
| 650 | 7 | |a algorithm |2 estusub | |
| 650 | 7 | |a Kernel functions |2 estusub | |
| 700 | 1 | |a Cristianini, Nello |4 aut | |
| 996 | |b I5624 |c *I5624 |l II680 |s A |a 24 |w stu114958_0001 | ||